Skip to main content
Your cart is empty.
Your lists
Log in to create your own lists
Your cookies
العربية
English
العربية
Home
Search
Advanced search
Authority search
About
The noble scholar, jurist, historian
His Excellency Dr. Abdul Wahhab bin Ibrahim Abu Sulaiman, may Allah have mercy on him.
He was born in Umm Al-Qura in the year 1356 AH.
Library catalog
Title
Author
Subject
ISBN
ISSN
Series
Call number
Log in to your account
×
Login:
Password:
Home
MARC view: هذه الرسالة، المسماة، إقناع النفوس بإلحاق أوراق الأنوات بعملة الفلوس /
Normal view
MARC view
ISBD view
هذه الرسالة، المسماة، إقناع النفوس بإلحاق أوراق الأنوات بعملة الفلوس / (Record no. 14772)
[
view plain
]
MARC details
000 -LEADER
fixed length control field
02476cam a2200373 i 4500
003 - CONTROL NUMBER IDENTIFIER
control field
SA-RiAUC
005 - DATE AND TIME OF LATEST TRANSACTION
control field
20260413142522.0
008 - FIXED-LENGTH DATA ELEMENTS--GENERAL INFORMATION
fixed length control field
260319s1912 le g 00000 ara c
040 ## - CATALOGING SOURCE
Original cataloging agency
SA-JeALM
Language of cataloging
ara
Transcribing agency
SA-RiAUC
Description conventions
rda
082 04 - DEWEY DECIMAL CLASSIFICATION NUMBER
Classification number
332.4
Assigning agency
SA-RiAUC
090 ## - LOCALLY ASSIGNED LC-TYPE CALL NUMBER (OCLC); LOCAL CALL NUMBER (RLIN)
Classification number (OCLC) (R) ; Classification number, CALL (RLIN) (NR)
م ن 332.4
Local cutter number (OCLC) ; Book number/undivided call number, CALL (RLIN)
خ ط ي
100 1# - MAIN ENTRY--PERSONAL NAME
Personal name
الخطيب، أحمد بن عبد اللطيف،
Dates associated with a name
توفي 1306 هجري
Relator term
مؤلف.
245 10 - TITLE STATEMENT
Title
هذه الرسالة، المسماة، إقناع النفوس بإلحاق أوراق الأنوات بعملة الفلوس /
Statement of responsibility, etc.
لمؤلفها أحمد الخطيب.
246 30 - VARYING FORM OF TITLE
Title proper/short title
إقناع النفوس بإلحاق أوراق الأنوات بعملة الفلوس
264 #1 - PRODUCTION, PUBLICATION, DISTRIBUTION, MANUFACTURE, AND COPYRIGHT NOTICE
Place of production, publication, distribution, manufacture
[مكان النشر غير محدد] :
Name of producer, publisher, distributor, manufacturer
[الناشر غير محدد]،
Date of production, publication, distribution, manufacture, or copyright notice
[1912]
264 #3 - PRODUCTION, PUBLICATION, DISTRIBUTION, MANUFACTURE, AND COPYRIGHT NOTICE
Place of production, publication, distribution, manufacture
بيروت :
Name of producer, publisher, distributor, manufacturer
المطبعة الأهلية
300 ## - PHYSICAL DESCRIPTION
Extent
50، 36، 23 صفحة ؛
Dimensions
29 سم
336 ## - CONTENT TYPE
Content type term
نص
Content type code
txt
Source
rdacontent
Materials specified
كتاب
337 ## - MEDIA TYPE
Media type term
بدون وسيط
Media type code
n
Source
rdamedia
338 ## - CARRIER TYPE
Carrier type term
مجلد
Carrier type code
nc
Source
rdacarrier
351 ## - ORGANIZATION AND ARRANGEMENT OF MATERIALS
Arrangement
مرتبة بنظام التعقيبات.
500 ## - GENERAL NOTE
General note
ورد بخط اليد على صفحة العنوان : مجاميع.
500 ## - GENERAL NOTE
General note
يليه : هذه الرسالة المسماة برفع الالتباس عن حكم الأنواط المتعامل بها بين الناس / لجامعها أحمد خطيب المكي الشافعي-إجادة النجدة بمنع القصر في طريق جدة / لتاج الدين بن أحمد بن إبراهيم الدهان الحنفي المكي.
650 #7 - SUBJECT ADDED ENTRY--TOPICAL TERM
Topical term or geographic name entry element
النقود
Source of heading or term
aucsh
650 #7 - SUBJECT ADDED ENTRY--TOPICAL TERM
Topical term or geographic name entry element
الأوراق المالية
Source of heading or term
aucsh
650 #7 - SUBJECT ADDED ENTRY--TOPICAL TERM
Topical term or geographic name entry element
البنوك
Source of heading or term
aucsh
700 12 - ADDED ENTRY--PERSONAL NAME
Personal name
الدهان، تاج الدين بن أحمد بن إبراهيم،
Dates associated with a name
توفي حوالي 1150 هجري
Title of a work
إجادة النجدة بمنع القصر في طريق جدة.
700 12 - ADDED ENTRY--PERSONAL NAME
Personal name
الشافعي، أحمد خطيب المكي
Title of a work
هذه الرسالة، المسماة، برفع الالتباس عن حكم الأنواط المتعامل بها بين الناس.
740 02 - ADDED ENTRY--UNCONTROLLED RELATED/ANALYTICAL TITLE
Uncontrolled related/analytical title
إجادة النجدة بمنع القصر في طريق جدة.
740 02 - ADDED ENTRY--UNCONTROLLED RELATED/ANALYTICAL TITLE
Uncontrolled related/analytical title
هذه الرسالة، المسماة، برفع الالتباس عن حكم الأنواط المتعامل بها بين الناس.
740 02 - ADDED ENTRY--UNCONTROLLED RELATED/ANALYTICAL TITLE
Uncontrolled related/analytical title
رفع الالتباس عن حكم الأنواط المتعامل بها بين الناس.
942 ## - ADDED ENTRY ELEMENTS (KOHA)
Source of classification or shelving scheme
Dewey Decimal Classification
Koha item type
كتاب مصور نادر
Suppress in OPAC
No
949 ## - LOCAL PROCESSING INFORMATION (OCLC)
a
SA-JeALM
d
260319
u
mohamedma123
n
1
Holdings
Withdrawn status
Lost status
Source of classification or shelving scheme
Damaged status
Not for loan
Home library
Current library
Date acquired
Total checkouts
Full call number
Barcode
Date last seen
Price effective from
Koha item type
Dewey Decimal Classification
DR AbdElwahab Library
DR AbdElwahab Library
04/13/2026
م ن 332.4 خ ط ي
000023338
04/13/2026
04/13/2026
كتاب مصور نادر
Place hold
Print
Add to your cart
(remove)
Save record
BIBTEX
Dublin Core
MARCXML
MARC (non-Unicode/MARC-8)
MARC (Unicode/UTF-8)
MARC (Unicode/UTF-8, Standard)
MODS (XML)
RIS
ISBD
More searches
Search for this title in:
Other Libraries (WorldCat)
Other Databases (Google Scholar)
Online Stores (Bookfinder.com)
Open Library (openlibrary.org)
Exporting to Dublin Core...
×
Simple DC-RDF
OAI-DC
SRW-DC